Solutions de la question d'Orient / (Record no. 68836)

MARC details
000 -LEADER
campo de control de longitud fija 00619nam a22002055i 4500
001 - NÚMERO DE CONTROL
campo de control 68836
003 - IDENTIFICADOR DE NÚMERO DE CONTROL
campo de control ES-MaACL
005 - FECHA Y HORA DE LA ÚLTIMA TRANSACCIÓN
campo de control 20251004063114.0
007 - CAMPO FIJO DE DESCRIPCIÓN FÍSICA--INFORMACIÓN GENERAL
campo de control de longitud fija t|
008 - DATOS DE LONGITUD FIJA--INFORMACIÓN GENERAL
campo de control de longitud fija 960829s1853 fr ||||1| fre d
040 ## - FUENTE DE CATALOGACIÓN
Centro catalogador/agencia de origen CAM
Lengua de catalogación spa
Centro/agencia transcriptor CAM
100 1# - ENTRADA PRINCIPAL--NOMBRE DE PERSONA
Nombre de persona Girardin, Émile de,
Fechas asociadas al nombre 1806-1881
9 (RLIN) 57233
245 10 - MENCIÓN DEL TÍTULO
Título Solutions de la question d'Orient /
Mención de responsabilidad, etc. Emile de Girardin.
250 ## - MENCION DE EDICION
Mención de edición 2e. éd.
260 ## - PUBLICACIÓN, DISTRIBUCIÓN, ETC.
Lugar de publicación, distribución, etc. Paris :
Nombre del editor, distribuidor, etc. Librairie Nouvelle,
Fecha de publicación, distribución, etc. 1853 (
Fabricante Imp. Serriere et Ce)
300 ## - DESCRIPCIÓN FÍSICA
Extensión 183 p. ;
Dimensiones 22 cm.
650 #4 - PUNTO DE ACCESO ADICIONAL DE MATERIA--TÉRMINO DE MATERIA
Término de materia o nombre geográfico como elemento de entrada Cuestión de Oriente (Balcanes)
9 (RLIN) 141179
852 ## - LOCALIZACIÓN
Ubicación ES-MaACL
Número de control de estantería T-359-F-1
Holdings
Estatus retirado Estado de pérdida Estado de daño No para préstamo Colección Biblioteca de origen Biblioteca actual Ubicación en estantería Fecha de adquisición Fuente de adquisición Total de préstamos Signatura topográfica completa Código de barras Visto por última vez Precio de reemplazo Tipo de ítem Koha
        Colección de folletos Biblioteca del Ateneo de Madrid Biblioteca del Ateneo de Madrid Depósito folletos 17/01/2008     T-359-F-1 1072084 23/02/2023 23/02/2023 Folleto